Catálogo
 En Linea

The molds and man : (Registro nro. 2372)

Detalles MARC
000 -CABECERA
campo de control de longitud fija 00583cam a2200181 a 4500
001 - NÚMERO DE CONTROL
campo de control 000002536
005 - FECHA Y HORA DE LA ÚLTIMA TRANSACCIÓN
campo de control 20200929150217.0
008 - DATOS DE LONGITUD FIJA--INFORMACIÓN GENERAL
campo de control de longitud fija 850506s1961 mnua b s001 0 eng
040 ## - FUENTE DE LA CATALOGACIÓN
Centro catalogador/agencia de origen DO-SdBNP
Lengua de catalogación spa
Centro/agencia transcriptor BNPHU
082 ## - NÚMERO DE LA CLASIFICACIÓN DECIMAL DEWEY
Número de clasificación 579.5
Número de documento/Ítem C554m, 1961.
100 1# - ENTRADA PRINCIPAL--NOMBRE DE PERSONA
Nombre de persona Christensen, Clyde M.,
Fechas asociadas al nombre 1905-
9 (RLIN) 7971
245 14 - MENCIÓN DE TÍTULO
Título The molds and man :
Resto del título an introduction to the fungi /
Mención de responsabilidad, etc. Clyde M. Christensen.
250 ## - MENCIÓN DE EDICIÓN
Mención de edición 2a ed.
260 ## - PUBLICACIÓN, DISTRIBUCIÓN, ETC.
Lugar de publicación, distribución, etc. Minneapolis :
Nombre del editor, distribuidor, etc. University of Minnesota Press,
Fecha de publicación, distribución, etc. 1961.
300 ## - DESCRIPCIÓN FÍSICA
Extensión viii, 238 p. :
Otras características físicas il. ;
Dimensiones 22 cm.
504 ## - NOTA DE BIBLIOGRAFÍA, ETC.
Nota de bibliografía, etc. Bibliografía: p. 228-229
650 #4 - PUNTO DE ACCESO ADICIONAL DE MATERIA--TÉRMINO DE MATERIA
Término de materia o nombre geográfico como elemento de entrada Hongos.
9 (RLIN) 7972
Existencias
Estado de retiro Estado de pérdida Restricciones de uso No para préstamo Código de colección Localización permanente Ubicación/localización actual Ubicación en estantería Fecha de adquisición Número de inventario Total de préstamos Signatura topográfica completa Código de barras Fecha visto por última vez Precio válido a partir de Tipo de ítem Koha
    Préstamo interno   Monografías: Libros y Folletos General General En catalogación 16.09.2009 LF1   579.5 C554m, 1961. 2536-10 25.06.2020 25.06.2020 Préstamo interno

Con tecnología Koha